000 003060000a22001450004500
020 _a07460 5184 0
082 0 4 _aB W340d
100 1 _aWatt, Fiona
245 1 0 _aDiggers / Fiona Watt
260 _aLondon : Usborne House
300 _a[ 8 p. ]
500 _aTexto pasta dura
001 505
942 _cLGB
999 _c47720
_d47720